Arii iz oper dlja soprano v soprov. fortep'jano /

Hlavní autor: Mozart, Wolfgang Amadeus, 1756-1791
Jazyk: Ruština
Vydáno: Moskva : Muzgiz, 1961
Fyzický popis: 69 s.
Hudebniny Hudebniny
Uloženo v:
LEADER 00677ncm a22002052a 4500
001 000183131
003 CZ BrMZK
005 20120828085342.0
007 qu
008 960101s1961 ru f rus d
040 |a BOA001  |b cze 
072 7 |a 784  |x Vokální hudba  |2 Konspekt  |9 9 
100 1 |a Mozart, Wolfgang Amadeus,  |d 1756-1791  |7 jn19990005867  |4 cmp 
245 1 0 |a Arii iz oper  |h [hudebnina] :  |b dlja soprano v soprov. fortep'jano /  |c Wolfgang Amadeus Mozart 
260 |a Moskva :  |b Muzgiz,  |c 1961 
300 |a 69 s. 
910 |a BOA001  |b Mus4-0467.910 
990 |a MU 
991 |b 201208 
996 6 |b 2619933895  |c Mus4-0467.910  |l MZK  |r Sklad / do 1 hodiny  |n 5  |w 000183131  |u 000010  |a 1  |e BOA001  |j MZK50  |s P